| 000 | 00701nam a2200193Ii 4500 | ||
|---|---|---|---|
| 003 | JO-AjNU | ||
| 008 | 230605s9999||||xx |||||||||||||| ||und|| | ||
| 040 |
_aJO-AjNU _bara _erda _cJO-AjNU |
||
| 041 | _aara | ||
| 050 | 1 | 4 | _aBP166.2 |
| 100 | 3 |
_aجمع السندبسطي، محمد عواد, _eauthor _936657 |
|
| 245 | 0 | 0 | _aحياة الإسلام في معرفة صفات الله عز وجل وصفات رسوله الأعظم صلى الله عليه وسلم |
| 264 | 3 | 1 | _aبيروت: المكتبة الشعبية، د.ت |
| 300 | _a52ص | ||
| 336 |
_atext _btxt _2rdacontent |
||
| 337 |
_aunmediated _bn _2rdamedia |
||
| 338 |
_avolume _bnc _2rdacarrier |
||
| 650 | 4 |
_aصفات الله _936658 |
|
| 999 |
_aA15249 _c18817 _d18817 |
||